| 000 | 00937nam a2200277Ia 4500 | ||
|---|---|---|---|
| 001 | Para_8046 | ||
| 003 | CHAP | ||
| 008 | 220125s1892 xx 000 0 und d | ||
| 010 | _a206963 | ||
| 040 | _cCHAP | ||
| 082 | _aPA-C 595.75 H4 | ||
| 100 |
_aVan Duzee, Edward P. _9171035 |
||
| 245 |
_aA Synoptical arrangement of thegenera of the North American Jassidae, with descriptiones of some new species / _c by Edward P. Van Duzee |
||
| 300 | _a295-307 p. | ||
| 440 |
_aHemiptera; 12 _9172048 |
||
| 500 | _aSobretiro de: North American homoptera 19: 295-307, 1892. Encuadernado con otros impresos similares | ||
| 650 |
_aHemÃpteros _x colecciones de escritos Cicadelidos _9172068 |
||
| 710 |
_aNorth American homoptera 19 _9173368 |
||
| 901 | _aPA-C 595.75 H4 | ||
| 902 | _aA | ||
| 905 | _a0000001892 0000000000 00 | ||
| 910 | _a1892 | ||
| 942 | _cPARA | ||
| 942 |
_cPARA _d1 |
||
| 999 |
_c206963 _d206963 |
||